Die teuersten Fußballtransfers - Innenverteidiger - Saison 2022-2023 - Statistiken

Allgemein
  • Dieses Quiz wurde 24 mal gespielt
  • Das Durchschnittsergebnis liegt bei 7 aus 10
Antwortstatistiken
Ablöse (M €) Nationalität Abgebender Verein Aufnehmender Verein Spieler % Korrekt
67,00 Niederlande Juventus Turin Bayern München Matthijs de Ligt
100%
57,37 Argentinien Ajax Amsterdam Manchester United Lisandro Martínez
90%
52,00 Argentinien Atalanta Bergamo Tottenham Cristian Romero
86%
50,00 Frankreich Sevilla FC FC Barcelona Jules Koundé
86%
42,00 Senegal SSC Neapel FC Chelsea Kalidou Koulibaly
86%
46,90 Brasilien FC Turin Juventus Turin Bremer
81%
80,40 Frankreich Leciester City FC Chelsea Wesley Fofana
67%
35,00 Marokko Stade Rennes West Ham United Nayef Aguerd
33%
37,00 Niederlande LOSC Lille Newcastle United Sven Botman
33%
38,00 Frankreich AS Monaco FC Chelsea Benoît Badiashile
24%
Keine übereinstimmenden Quizze gefunden
Verteilung der Resultate
Anzahl Personen mit jedem Resultat
Perzentil nach korrekt beantworteten Fragen
Ihre Resultats-Entwicklung
Sie haben dieses Quiz noch nicht gespielt